| 000 | 00444nam a2200205Ia 4500 | ||
|---|---|---|---|
| 008 | 210210b1947 xxu||||| |||| 00| 0 eng d | ||
| 041 | _aeng | ||
| 082 | _a535/176 | ||
| 100 | _aRADIO RELAY LEAGUE | ||
| 245 | _aRadio amateurs handbook Ed 24 | ||
| 260 |
_aUSA _b- _c1947 |
||
| 300 | _a500 | ||
| 650 | _aRadio | ||
| 650 | _ahandbook | ||
| 650 | _aEd | ||
| 650 | _aamateurs | ||
| 650 | _a24 | ||
| 690 | _aElectricity | ||
| 906 | _a008794 | ||
| 999 |
_c126607 _d126607 |
||